00765nam a2200193Ia 4500008004100000100002100041245007600062245011500138260003900253260000900292300001800301440005400319650002900373650002800402650002200430650002800452999001900480952007200499170419s9999 xx 000 0 und d aWiley, Jennifer. aImproving metacomprehension accuracy in an undergraduate course context cJennifer Wiley, Thomas D. Griffin, Allison J. Jaeger, Andrew F. Jarosz, Patrick J. Cushen, and Keith W. Thiede bAmerican Psychological Association c2016 aDecember 2016 aJournal of Experimental Psychology: Appliedv22:4 aCOMPREHENSION MONITORING aEXPOSITORY SCIENCE TEXT aMETACOMPREHENSION aSELF-REGULATED LEARNING c329536d329536 001040aCLbCLd2017-04-19l0r2017-04-19 00:00:00w2017-04-19ySE